| 000 | 01319 a2200373 4500 | ||
|---|---|---|---|
| 999 |
_c200128850 _d35841 |
||
| 001 | 200128850 | ||
| 003 | TR-AnTOB | ||
| 005 | 20231130133911.0 | ||
| 008 | 130320s1998 tu 000 0 | ||
| 020 | _a9751921376 | ||
| 040 |
_aTR-AnTOB _cTR-AnTOB |
||
| 041 | _atur | ||
| 050 | 0 | 0 |
_aHV6626.23.T9 _bA35 1998 |
| 090 | _aHV6626.23.T9 A35 1998 | ||
| 245 | 0 | 0 | _aAile içinde ve toplumsal alanda şiddet. |
| 264 | 1 |
_aAnkara : _bT.C.Başbakanlık Aile Araştırma Kurumu, _c1998. |
|
| 300 |
_axl, 311 p.; _btables. _c24 cm. |
||
| 336 |
_2rdacontent _atext _btxt |
||
| 337 |
_2rdamedia _aunmediated _bn |
||
| 338 |
_2rdacarrier _avolume _bnc |
||
| 490 | 0 |
_aT.C.Başbakanlık Aile Araştırma Kurumu Başkanlığı Yayınları ; _v113 |
|
| 504 | _aIncludes bibliographical references (p.271-276) | ||
| 650 | 0 |
_976779 _aChild abuse _zTurkey |
|
| 650 | 0 |
_975241 _aAile içi şiddet _zTürkiye |
|
| 650 | 0 |
_975238 _aFamily violence _zTurkey |
|
| 650 | 0 |
_aKadına yönelik şiddet _zTürkiye _987604 |
|
| 650 | 0 |
_976780 _aWife abuse _zTurkey |
|
| 650 | 0 |
_aFamily social work _zTurkey _987456 |
|
| 650 | 0 |
_aAile sosyal çalışması _zTürkiye _987457 |
|
| 650 | 0 |
_aÇocuk istismarı _zTürkiye _999894 |
|
| 710 | 1 |
_aTurkey. _bAile Araştırma Kurumu Başkanlığı _9139882 |
|
| 942 |
_cBK _2lcc |
||